Datum a čas kvízu
24
Celkem bodů
Celkový počet nahraných bodů na tomto kvízu bez doplňovacích otázek.
7.
Pořadí na kvízu
Konečné umístění týmu na tomto kvízu.
Zaznamenané odpovědi
| # | Otázka | Odpověď | Body | Výsledky |
|---|---|---|---|---|
| 1. | Někteří senátoři chtějí ve Va... | lavička s popelníkem | 0 | |
| 2. | Saúdskoarabský korunní princ M... | Jeff Bezos | 1 | |
| 3. | 71letý zpěvák Ozzy Osbourne oz... | Parkinsonova choroba | 0 | |
| 4. | Aféra s předraženou zakázkou n... | hackathon | 1 | |
| 5. | Šestadvacetiletý český motocyk... | Jakub Kornfeil | 1 | |
| 6. | Jelikož se o ostrovech zmiňuje... | D | 1 | |
| 7. | Nyní se podíváme na souostroví... | Země Františka Josefa | 1 | |
| 8. | Za jistou formu "ostrova" se d... | Lesotho | 1 | |
| 9. | Ostrovid je druhové jméno jist... | rys | 0 | |
| 10. | Jak se jmenoval německý patolo... | Paul Langerhans | 0 |